000 00476ntaaa2200181 4500
003 01
005 20251027202457.0
008 0714s1973 ag 01
040 _aAR-BaBN
_bspa
_cAR-BaBN
_eaacr
_dRIC
082 _a220.2000 Sch5
100 _aSchmeller, Alfred
_923715
245 _aHandkonkordanz Zum Griechischen Neuen Testament
250 _a1 ed.
260 _aStuttgart :
_bs/d,
_c1949
300 _a534 p
650 _aConcordancia--Nuevo Testamento
_923716
942 _cBK
999 _c19805
_d19805